00799nam a2200169 a 450000100100000000500170001000800410002704000250006811001130009324501090020626001160031530000420043170000250047304900090049895201050050799900170061200002412620200930022735.0110119s2000 dr 000 0 spa d aDO-SdBNPbspacBNPHU2 aRepública DominicanabPresidencia de la República DominicanabConsejo Nacional de Asuntos Urbanos94392910aLineamientos de políticas de desarrollo urbano para la ciudad de La Romana /cJulio Corral [et.. al ]. aSantiago de los Caballeros, República Dominicana :bPontificia Universidad Catolíca Madre y Maestra,c2000. a208 p. :bil.,map., retrs., ;c28 cm.1 aCorrel, Julio949546 aBNPD 0010718PDaPDbPDcCTd2011-01-19iLF1l0o p24126-10r2020-06-25w2020-06-25yLFPDZNo se presta c23620d23620